Утилизация отходов в составе суспензионных топлив для снижения их вредного воздействия на окружающую среду с выработкой энергии: автореферат диссертации на соискание ученой степени кандидата технических наук; спец. 05.14.04

Opis bibliograficzny
1. autor: Шабардин Д. П. Дмитрий Павлович
Korporacja: Национальный исследовательский Томский политехнический университет
Kolejni autorzy: Стрижак П. А. Павел Александрович (научный руководитель)
Streszczenie:Защита сост. 29.09.2020 г.
Język:rosyjski
Wydane: Томск, [Б. и.], 2020
Hasła przedmiotowe:
Format: Książka
KOHA link:https://koha.lib.tpu.ru/cgi-bin/koha/opac-detail.pl?biblionumber=345295

MARC

LEADER 00000nam0a2200000 4500
001 345295
005 20240222064830.0
035 |a (RuTPU)RU\TPU\book\377132 
090 |a 345295 
100 |a 20201029d2020 k y0rusy50 ca 
101 0 |a rus 
102 |a RU 
105 |a a dm 001zy 
200 1 |a Утилизация отходов в составе суспензионных топлив для снижения их вредного воздействия на окружающую среду с выработкой энергии  |e автореферат диссертации на соискание ученой степени кандидата технических наук  |e спец. 05.14.04  |f Д. П. Шабардин  |g Национальный исследовательский Томский политехнический университет ; науч. рук. П. А. Стрижак 
210 |a Томск  |c [Б. и.]  |d 2020 
215 |a 22 с.  |c ил. 
300 |a Защита сост. 29.09.2020 г. 
320 |a Библиогр.: с. 22 (8 назв.) 
606 1 |a Топливо твердое  |x Сжигание в котельных топках  |x Выработка энергии  |2 stltpush  |3 (RuTPU)RU\TPU\subj\80274  |9 88020 
610 1 |a суспензионные топлива 
610 1 |a отходы 
610 1 |a утилизация 
610 1 |a окружающая природная среда 
610 1 |a вредные воздействия 
610 1 |a композиционные топлива 
610 1 |a состав 
610 1 |a фильтр-кек 
610 1 |a добавки 
610 1 |a горение 
610 1 |a математическое моделирование 
610 1 |a авторефераты диссертаций 
610 1 |a труды учёных ТПУ 
675 |a 621.182.2-66(04)  |v 4 
686 |a 05.14.04  |2 oksvnk 
700 1 |a Шабардин  |b Д. П.  |c специалист в области теплоэнергетики  |c инженер Томского политехнического университета  |f 1993-  |g Дмитрий Павлович  |3 (RuTPU)RU\TPU\pers\39920 
702 1 |a Стрижак  |b П. А.  |c специалист в области теплоэнергетики  |c профессор Томского политехнического университета, доктор физико-математических наук  |f 1985-  |g Павел Александрович  |x TPU  |y Томск  |3 (RuTPU)RU\TPU\pers\25983  |4 727  |9 11832 
712 0 2 |a Национальный исследовательский Томский политехнический университет  |c (2009- )  |3 (RuTPU)RU\TPU\col\15902  |9 26305 
801 1 |a RU  |b 63413507  |c 20201029 
801 2 |a RU  |b 63413507  |c 20201207  |g RCR 
942 |c BK